| 000 | 00641cam a22002291 4500 | ||
|---|---|---|---|
| 001 | med47000154 | ||
| 003 | DLC | ||
| 005 | 20260227111558.0 | ||
| 008 | 770809s1946 miu 000 0 eng c | ||
| 010 | _amed47000154 | ||
| 035 | _a(OCoLC)3172605 | ||
| 040 |
_aU. S. Army medical library _cGAT _dGAT _dDLC |
||
| 042 | _apremarc | ||
| 050 | 0 | 0 |
_aRS125 _b.B5 |
| 082 | _a615.13 | ||
| 100 | 1 |
_aBistran, Warren John, _d1915- |
|
| 245 | 1 | 0 | _aPhysician's prescription manual. |
| 250 | _a1st ed., 1946. | ||
| 260 |
_aGrosse Pointe, Mich., _bWoods, _cc1946. |
||
| 300 |
_a212 p. _c20 cm. |
||
| 650 | 0 |
_aMedicine _xFormulae, receipts, prescriptions. |
|
| 999 |
_c37986 _d37986 |
||